Estadísticas para Prueba de Costa Rica

Haz click aquí para tomar la prueba!

Estadísticas generales

  • Esta prueba ha sido tomada 349 veces
  • La puntuación promedio es 9 de 15

Estadísticas de respuestas

PistaRespuesta% Correcto
Idioma oficialEspañol
100%
Países limítrofesPanamá
98%
Países limítrofesNicaragua
97%
Mar al esteMar Caribe
95%
CapitalSan José
94%
El único país americano con una esperanza de vida más altaCanadá
70%
Costa Rica abolió su _____ en 1948Militar
59%
Término de la jerga para un costarricenseTico / Tica
46%
MonedaColón
40%
Cuatro tipos de monos que se encuentran en Costa Rica (nombra alguno)Capuchino | Aulladores |
Araña | Saimiri
35%
El plato, que consiste en arroz y frijoles, que se sirve como desayunoGallo {Pinto}
32%
¿Qué planea ser Costa Rica para 2021?Neutro en {carbono}
25%
El río que forma una gran parte de la frontera norteSan Juan
25%
El volcán más activo de Costa RicaArenal
23%
La isla del Pacífico a veces llamada el punto más meridional de América del NorteIsla del Coco
23%

Distribución de puntuación

Porcentaje por número respondido

Porcentaje de gente con cada puntuación

Historial de tus puntuaciones

No has tomado esta prueba